| 000 | 00445nam a2200145 a 4500 | ||
|---|---|---|---|
| 001 | 4168 | ||
| 003 | CDMR | ||
| 005 | 20130301112913.0 | ||
| 008 | 130130s1987||||||||||||||||||||||||||||d | ||
| 040 |
_aCDMR _bcat _cCDMR |
||
| 111 |
_93023 _aConcurso Fotográfico "Caminos de Hierro" _d1987 _n1r |
||
| 245 | 1 | 0 |
_aCaminos de Hierro _b: I Certamen Nacional de Fotografía |
| 260 |
_aMadrid _c1987 _bFundación de los Ferrocarriles Españoles |
||
| 942 |
_cMON _2udc |
||
| 999 |
_c4168 _d4168 |
||